Central Library OPAC University of Rajshahi

New frontiers, new pioneers : (Record no. 26624)

MARC details
000 -LEADER
fixed length control field 00692nam a2200229 4500
001 - CONTROL NUMBER
control field 26624
003 - CONTROL NUMBER IDENTIFIER
rucl marc code BD-RjUL
005 - DATE AND TIME OF LATEST TRANSACTION
control field 20211209051037.0
008 - FIXED-LENGTH DATA ELEMENTS--GENERAL INFORMATION
fixed length control field 140323s1970 bg 000 0 eng
035 ## - SYSTEM CONTROL NUMBER
System control number (BD-RjUL)26694
040 ## - CATALOGING SOURCE
Original cataloging agency DLC
Transcribing agency DLC
Modifying agency DLC
-- BD-RjUL
Language of cataloging eng
041 ## - LANGUAGE CODE
Language code of text/sound track or separate title eng
082 00 - DEWEY DECIMAL CLASSIFICATION NUMBER
Classification number 811.509
Author mark and year HAN 1970
100 0# - MAIN ENTRY--PERSONAL NAME
Personal name Hakeem, Azizul ,
9 (RLIN) 81836
245 10 - TITLE STATEMENT
Title New frontiers, new pioneers :
Remainder of title essays on modern American poetry /
Statement of responsibility, etc. Azizul Hakeem.
260 ## - PUBLICATION, DISTRIBUTION, ETC. (IMPRINT)
Place of publication, distribution, etc. Chittagong :
Name of publisher, distributor, etc. Zeenat Hakeem,
Date of publication, distribution, etc. 1970.
300 ## - PHYSICAL DESCRIPTION
Pagination 157, xxx p. ;
Size 19 cm.
650 #0 - SUBJECT ADDED ENTRY--TOPICAL TERM
Topical term or geographic name as entry element American poetry
Chronological subdivision 20th century
General subdivision History and criticism.
9 (RLIN) 51744
942 ## - ADDED ENTRY ELEMENTS (KOHA)
Source of classification or shelving scheme Dewey Decimal Classification
Koha item type Books
Holdings
Lost status Source of classification or shelving scheme Damaged status Not for loan Collection code Permanent Location Current Location Shelving location Date acquired Source of acquisition Total Checkouts Full call number Date last seen Copy number Koha item type
  Dewey Decimal Classification     Non-fiction Central Library, University of Rajshahi Central Library, University of Rajshahi   03/07/1976 U.S. I. S   811.509 HAN 1970 23/03/2014 C-3 Books
  Dewey Decimal Classification     Non-fiction Central Library, University of Rajshahi Central Library, University of Rajshahi   03/07/1976 USIS, Gift.   811.509 HAN 1970 07/05/2014 C-5 Books
  Dewey Decimal Classification   Not For Loan Non-fiction Central Library, University of Rajshahi Central Library, University of Rajshahi Reading Room 23/02/2020     811.509 HAN 1970 23/02/2020 C-1 Books
  Dewey Decimal Classification     Non-fiction Central Library, University of Rajshahi Central Library, University of Rajshahi   24/02/2020     811.509 HAN 1970 24/02/2020 C-2 Books